| 000 | 00725nam a22001817a 4500 | ||
|---|---|---|---|
| 003 | OSt | ||
| 005 | 20120302151526.0 | ||
| 008 | 091112t xxu||||| |||| 00| 0 eng d | ||
| 035 | _a१६०८३ | ||
| 040 | _cमराठी | ||
| 100 |
_aदाते, हेमंत _910046 |
||
| 222 | _aपक्षी/ विज्ञान प्रश्नोत्तरे | ||
| 245 | _aनिसर्ग बोलतोय: पक्षी आणि सृष्टीबद्दलची विज्ञान प्रश्नोत्तरे (भाग १ ला) | ||
| 250 | _a१ ली | ||
| 260 |
_aठाणे _bफुलराणी _c१९९६ |
||
| 300 | _b५६ पाने | ||
| 942 |
_2ddc _cBOOK |
||
| 999 |
_c494774 _d494771 |
||